01330 2200457 4500001002100000005001500021035002500036090002000061090002200081090002200103090002200125090002200147090002200169245011500191260004800306300002200354007000300376008004100379040001700420082001600437084001600453100002400469650001000493700002700503850001200530999002200542999002200564999002200586999002200608999002200630990002200652990002200674990002200696990002200718990002200740990002200762990002200784990002200806990002200828990002200850YOGYA00000000004000220200615034319 a0010-081400000039720 aDEP 693.4 SCH d aCB-D.11 [s.a]-236 aCB-D.11 [s.a]-237 aCB-D.11 [s.a]-233 aCB-D.11 [s.a]-234 aCB-D.11 [s.a]-23500aDaftar dan petunjuk-petunjuk untuk perhitungan beton /cW. Van Der Schrier; penerjemah, Soemitro Reksosudirdjo aYogyakarta :bUsaha Teknik Soemitro,c[s.a] a63 hlm. ;c28 cm.ta130827n xx g ind d aYOPDYOGbind 2[22]a693.4 a693.4 SCH d1 aSchrier, W. Van Der 4aBeton0 aSoemitro Reksosudirdjo aYOPDYOG aCB-D.11/[s.a]-236 aCB-D.11/[s.a]-237 aCB-D.11/[s.a]-233 aCB-D.11/[s.a]-234 aCB-D.11/[s.a]-235 aCB-D.11/[s.a]-237 aCB-D.11/[s.a]-236 aCB-D.11/[S.A]-070 aCB-D.11/[s.a]-234 aCB-D.11/[s.a]-233 aCB-D.11/[s.a]-235 aCB-D.11/[s.a]-237 aCB-D.11/[s.a]-236 aCB-D.11/[s.a]-234 aCB-D.11/[s.a]-233